<?xml version="1.0" encoding="UTF-8"?>
<record
    xmlns:xsi="http://www.w3.org/2001/XMLSchema-instance"
    xsi:schemaLocation="http://www.loc.gov/MARC21/slim http://www.loc.gov/standards/marcxml/schema/MARC21slim.xsd"
    xmlns="http://www.loc.gov/MARC21/slim">

  <leader>02316nam a2200325 a 4500</leader>
  <controlfield tag="001">000006363</controlfield>
  <controlfield tag="003">DO-SdBPM</controlfield>
  <controlfield tag="005">20250821143734.0</controlfield>
  <controlfield tag="007">ta</controlfield>
  <controlfield tag="008">090828s2002    dr a      000 0 spa d</controlfield>
  <datafield tag="020" ind1=" " ind2=" ">
    <subfield code="a">9993461229</subfield>
  </datafield>
  <datafield tag="040" ind1=" " ind2=" ">
    <subfield code="a">DO-SdBPM</subfield>
    <subfield code="b">spa</subfield>
    <subfield code="c">BPMSU </subfield>
    <subfield code="e">rda</subfield>
  </datafield>
  <datafield tag="049" ind1=" " ind2=" ">
    <subfield code="a"> </subfield>
  </datafield>
  <datafield tag="082" ind1=" " ind2="4">
    <subfield code="a">388.3</subfield>
    <subfield code="b">S715c 2002</subfield>
    <subfield code="2">22</subfield>
  </datafield>
  <datafield tag="100" ind1="1" ind2=" ">
    <subfield code="a">Sosa, Jos&#xE9; Rafael</subfield>
    <subfield code="e">autor </subfield>
  </datafield>
  <datafield tag="245" ind1="1" ind2="0">
    <subfield code="a">Conducci&#xF3;n en bondad /</subfield>
    <subfield code="c">Jos&#xE9; Rafael Sosa ; correcci&#xF3;n Delcy Rodr&#xED;guez.</subfield>
  </datafield>
  <datafield tag="260" ind1=" " ind2=" ">
    <subfield code="c"> </subfield>
  </datafield>
  <datafield tag="264" ind1=" " ind2=" ">
    <subfield code="a">Santo Domingo :</subfield>
    <subfield code="b">Editora B&#xFA;ho,</subfield>
    <subfield code="c">2002</subfield>
  </datafield>
  <datafield tag="300" ind1=" " ind2=" ">
    <subfield code="a">141 p&#xE1;ginas  :</subfield>
    <subfield code="b">ilustraciones  ;</subfield>
    <subfield code="c">22 cm.</subfield>
  </datafield>
  <datafield tag="336" ind1=" " ind2=" ">
    <subfield code="a">texto</subfield>
    <subfield code="b">txt</subfield>
    <subfield code="2">rdacontent</subfield>
  </datafield>
  <datafield tag="337" ind1=" " ind2=" ">
    <subfield code="a">sin mediaci&#xF3;n </subfield>
    <subfield code="b">n</subfield>
    <subfield code="2">rdamedia </subfield>
  </datafield>
  <datafield tag="338" ind1=" " ind2=" ">
    <subfield code="a">volumen </subfield>
    <subfield code="b">nc</subfield>
    <subfield code="2">rdacarrier </subfield>
  </datafield>
  <datafield tag="504" ind1=" " ind2=" ">
    <subfield code="a">Incluye bibliograf&#xED;as (p. 140-141)</subfield>
  </datafield>
  <datafield tag="505" ind1="0" ind2=" ">
    <subfield code="a">Presentaciones : Socorro Castellanos.-- Direcci&#xF3;n General de Tr&#xE1;nsito Terrestre.-- INSPRAT.-- C&#xE1;mara Junior.-- Oraci&#xF3;n del conductor en bondad, 2.-- El placer de conducir, 5.-- Gracias a Dios, he chocado, 13.-- La cultura del atajo, 23.-- &#xBF;C&#xF3;mo es el transito en el pa&#xED;s?, 27.-- M&#xE1;s veh&#xED;culos, m&#xE1;s accidentes, m&#xE1;s muertos... &#xBF;d&#xF3;nde vamos a llegar?, 37.-- Las voladoras.-- Los carros del concho.-- Los taxis.-- Los autobuses.-- Los motoconchos.-- AMET : una polic&#xED;a original, 47.-- AMET : &#xBF;arbitrariedad o cumplimiento de la ley?.-- La seguridad siempre debe ser segura, 53.-- La casa del conductor, 85.-- La conducci&#xF3;n en bondad, 89.-- La ideolog&#xED;a del autom&#xF3;vil.-- S&#xED;ndrome de locura del tr&#xE1;nsito (SLT).-- El tap&#xF3;n, una prueba de crecimiento.-- El pin&#xE1;culo de la neurosis : el momento del choque.-- Actitudes para humanizar el tr&#xE1;nsito.-- Lo que no hace un conductor en bondad, 99.-- 10 reglas que pueden servir, 109.-- Dec&#xE1;logos del buen manejar : De la conducci&#xF3;n en bondad.-- De la C&#xE1;mara Junior, INC.-- La imagen del tr&#xE1;nsito, 117.-- Hacer siempre el bien, 127.-- &#xBF;Qu&#xE9; hacer ante un accidente y qu&#xE9; ocurre en su carro cuando choca?, 132.-- Bendito el cintur&#xF3;n de seguridad.-- &#xBF;Quisiera abroch&#xE1;rselo ahora?.-- Las maniobras m&#xE1;s peligrosas al manejar.-- Normas ante la ocurrencia de un accidente.-- Bibliograf&#xED;a 140.</subfield>
  </datafield>
  <datafield tag="590" ind1=" " ind2=" ">
    <subfield code="a">Inventariado 2025/VM</subfield>
  </datafield>
  <datafield tag="650" ind1=" " ind2="7">
    <subfield code="a">Tr&#xE1;nsito de veh&#xED;culos</subfield>
  </datafield>
  <datafield tag="650" ind1=" " ind2="7">
    <subfield code="a">Seguridad vial</subfield>
  </datafield>
  <datafield tag="910" ind1=" " ind2=" ">
    <subfield code="a">VMateo V. Control de calidad. BPMSU </subfield>
  </datafield>
  <datafield tag="942" ind1=" " ind2=" ">
    <subfield code="2">ddc</subfield>
    <subfield code="c">BK</subfield>
  </datafield>
  <datafield tag="952" ind1=" " ind2=" ">
    <subfield code="0">0</subfield>
    <subfield code="1">0</subfield>
    <subfield code="2">ddc</subfield>
    <subfield code="7">0</subfield>
    <subfield code="8">CD</subfield>
    <subfield code="a">BPMET</subfield>
    <subfield code="b">BPMET</subfield>
    <subfield code="d">2022-09-26</subfield>
    <subfield code="l">0</subfield>
    <subfield code="o">BPMSU CD 388.3 S715c 2002</subfield>
    <subfield code="p">BPMSU25080066</subfield>
    <subfield code="r">2022-09-26</subfield>
    <subfield code="w">2022-09-26</subfield>
    <subfield code="y">BK</subfield>
  </datafield>
  <datafield tag="999" ind1=" " ind2=" ">
    <subfield code="c">14281</subfield>
    <subfield code="d">14281</subfield>
  </datafield>
</record>
